Galileo : (Registro nro. 25380)
[ vista simple ]
| 000 -LEADER | |
|---|---|
| fixed length control field | 01537cam a2200373 i 4500 |
| 001 - CONTROL NUMBER | |
| control field | 25380 |
| 003 - CONTROL NUMBER IDENTIFIER | |
| control field | Mx-PuUPA |
| 005 - DATE AND TIME OF LATEST TRANSACTION | |
| control field | 20250825111748.0 |
| 008 - FIXED-LENGTH DATA ELEMENTS--GENERAL INFORMATION | |
| fixed length control field | 140415s2011 sp a gr 000 0 spa d |
| 017 ## - COPYRIGHT OR LEGAL DEPOSIT NUMBER | |
| Copyright or legal deposit number | NA. 3.174-2011 |
| 020 ## - INTERNATIONAL STANDARD BOOK NUMBER | |
| International Standard Book Number | 9788499452272 |
| 040 ## - CATALOGING SOURCE | |
| Original cataloging agency | Mx-PuUPA |
| Language of cataloging | spa |
| Transcribing agency | Mx-PuUPA |
| Modifying agency | Mx-PuUPA |
| Description conventions | rda |
| 041 1# - LANGUAGE CODE | |
| Language code of text/sound track or separate title | spa |
| Language code of original | ita |
| 100 1# - MAIN ENTRY--PERSONAL NAME | |
| 9 (RLIN) | 790 |
| Personal name | Fantoli, Annibale, |
| Dates associated with a name | 1924- |
| Relator term | autor |
| 240 10 - UNIFORM TITLE | |
| Uniform title | Galileo : per il copernicanesimo e per la chiesa. |
| Language of a work | Español |
| 245 10 - TITLE STATEMENT | |
| Title | Galileo : |
| Remainder of title | por el copernicanismo y por la iglesia / |
| Statement of responsibility, etc. | Annibale Fantoli ; traducido del italiano por María Antonia Martí Escayol |
| 264 #1 - PRODUCTION, PUBLICATION, DISTRIBUTION, MANUFACTURE, AND COPYRIGHT NOTICE | |
| Place of production, publication, distribution, manufacture | Navarra España : |
| Name of producer, publisher, distributor, manufacturer | Editorial Verbo Divino, |
| Date of production, publication, distribution, manufacture, or copyright notice | ©2011 |
| 300 ## - PHYSICAL DESCRIPTION | |
| Extent | 543 páginas : |
| Other physical details | ilustraciones ; |
| Dimensions | 22 cm |
| 336 ## - CONTENT TYPE | |
| Fuente | rdacontent |
| Content type term | texto |
| Content type code | txt |
| 337 ## - MEDIA TYPE | |
| Source | rdamedia |
| Media type term | sin medio |
| Media type code | n |
| 338 ## - CARRIER TYPE | |
| Source | rdacarrier |
| Carrier type term | volumen |
| Carrier type code | nc |
| 490 0# - SERIES STATEMENT | |
| Series statement | Colección <<Teología y ciencias>> |
| 600 14 - SUBJECT ADDED ENTRY--PERSONAL NAME | |
| Personal name | Galelei, Galileo, |
| Dates associated with a name | 1564-1642 |
| 600 14 - SUBJECT ADDED ENTRY--PERSONAL NAME | |
| Personal name | Copernico, Nicolas, |
| Dates associated with a name | 1473-1543 |
| General subdivision | Influencia |
| 600 14 - SUBJECT ADDED ENTRY--PERSONAL NAME | |
| Personal name | Galilei, Galileo, |
| Dates associated with a name | 1564-1642 |
| General subdivision | Diálogos de los grandes sistemas |
| 650 #7 - SUBJECT ADDED ENTRY--TOPICAL TERM | |
| Source of heading or term | armarc |
| Topical term or geographic name entry element | Historia de la iglesia |
| Chronological subdivision | Siglo XVII |
| 650 #7 - SUBJECT ADDED ENTRY--TOPICAL TERM | |
| Source of heading or term | armarc |
| Topical term or geographic name entry element | Religión y ciencia |
| Geographic subdivision | Italia |
| 700 1# - ADDED ENTRY--PERSONAL NAME | |
| Personal name | Martí Escayol, María Antonia, |
| Relator term | traductor |
| 765 0# - ORIGINAL LANGUAGE ENTRY | |
| Main entry heading | Fantoli, Annibale |
| Title | Galileo : Per il copernicanesimo e per la chiesa. |
| Place, publisher, and date of publication | Navarra, España : Vatican Observatory Foundation, 2010 |
| 942 ## - ADDED ENTRY ELEMENTS (KOHA) | |
| Source of classification or shelving scheme | Dewey Decimal Classification |
| Koha item type | Libro |
| Classification part | 520.94509032 |
| Item part | F5518 |
| Withdrawn status | Lost status | Source of classification or shelving scheme | Damaged status | Not for loan | Collection code | Home library | Current library | Shelving location | Date acquired | Source of acquisition | Total Checkouts | Full call number | Barcode | Date last seen | Date last checked out | Price effective from | Koha item type |
|---|---|---|---|---|---|---|---|---|---|---|---|---|---|---|---|---|---|
| Dewey Decimal Classification | General | Centro de Estudios en Ciencia y Religión | Centro de Estudios en Ciencia y Religión | Sala general | 03/12/2013 | Compra | 1 | 520.94509032 F5518 2011 | 47278 | 05/01/2026 | 04/09/2025 | 03/12/2013 | Libro |